गुन्हेगांचे जग (Record no. 1014095)

MARC details
000 -LEADER
fixed length control field 00637nam a2200181Ia 4500
008 - FIXED-LENGTH DATA ELEMENTS--GENERAL INFORMATION
fixed length control field 151018s9999 xx 000 0 und d
082 ## - DEWEY DECIMAL CLASSIFICATION NUMBER
Item number RBASDV11753
Classification number 891.464
100 ## - MAIN ENTRY--PERSONAL NAME
Personal name सरोजिनी शारंगपाणी
245 ## - TITLE STATEMENT
Title गुन्हेगांचे जग
250 ## - EDITION STATEMENT
Remainder of edition statement 1
260 ## - PUBLICATION, DISTRIBUTION, ETC. (IMPRINT)
Name of publisher, distributor, etc सरोज प्रकाशन
Date of publication, distribution, etc 1976
300 ## - PHYSICAL DESCRIPTION
Extent 368
600 ## - SUBJECT ADDED ENTRY--PERSONAL NAME
Personal name सरोजिनी शारंगपाणी
630 ## - SUBJECT ADDED ENTRY--UNIFORM TITLE
Uniform title गुन्हेगांचे जग
700 ## - ADDED ENTRY--PERSONAL NAME
Personal name सरोजिनी शारंगपाणी
730 ## - ADDED ENTRY--UNIFORM TITLE
Uniform title गुन्हेगांचे जग
942 ## - ADDED ENTRY ELEMENTS (KOHA)
Koha item type Book
Holdings
Withdrawn status Lost status Damaged status Not for loan Home library Current library Date acquired Cost, normal purchase price Total Checkouts Full call number Barcode Date last seen Cost, replacement price Price effective from Koha item type
        R.B. Anant Shivaji Desai Vachanalaya and Granthalaya, Kudal R.B. Anant Shivaji Desai Vachanalaya and Granthalaya, Kudal 03/04/1978 18.00   RBASDV11753 RBASDV11753 10/18/2015 18.00 10/18/2015 Book